Grupo de sociedades y contrato de trabajo

Saved in:
Bibliografiske detaljer
Hovedforfatter: Esteve Segarra, María Amparo (Author)
Format: Bog
Sprog:spansk
Udgivet: Valencia Tirant Lo Blanch 2002
Serier:Tirant Monografías, 245
Fag:
Tags: Tilføj Tag
Ingen Tags, Vær først til at tagge denne postø!

MARC

LEADER 00000nam a2200000 a 4500
001 UCM9729
003 CL-VaPUC
008 030516e20020000SP |||||||||||||||||spa|d
082 0 4 |a 344.01  |b EST  |2 21 
100 0 |a Esteve Segarra, María Amparo  |e author  |9 476281 
245 1 0 |a Grupo de sociedades y contrato de trabajo 
300 |a 461 h 
942 |c BK 
945 |d 20030516 00:00:00  |a rbrito 
260 |a Valencia  |b Tirant Lo Blanch  |c 2002 
650 0 |a Empresas comerciales  |9 334163 
650 7 |a DERECHO LABORAL  |2 CL-VaPUC  |9 15 
650 7 |a CONTRATO DE TRABAJO  |2 CL-VaPUC  |9 476282 
650 0 |a Jurisprudencia  |9 255952 
650 0 |a Trabajadores  |9 260887 
583 |a last modification  |c 20170724 12:46:15  |k Rodrigo Vera 
490 0 |a Tirant Monografías, 245 
999 |c 303859  |d 303857 
952 |0 0  |1 0  |4 0  |6 344_010000000000000_EST_2002  |7 0  |8 A  |9 365434  |a BIBDER  |b BIBDER  |d 2019-11-21  |i 3876446  |o 344.01 EST 2002  |p 3876446  |r 2023-01-25  |w 2019-11-21  |y BK  |k DER